<?xml version="1.0" encoding="UTF-8"?>
<marc:record xmlns:marc="http://www.loc.gov/MARC21/slim">
   <marc:leader>00000nam a2200000 a 4500</marc:leader>
   <marc:datafield ind1="1" ind2=" " tag="100">
      <marc:subfield code="a">Mehring, Reinhard</marc:subfield>
      <marc:subfield code="4">aut</marc:subfield>
      <marc:subfield code="e">Verfasser/-in</marc:subfield>
   </marc:datafield>
   <marc:datafield ind1=" " ind2=" " tag="653">
      <marc:subfield code="a">Schmitt</marc:subfield>
   </marc:datafield>
   <marc:datafield ind1=" " ind2=" " tag="653">
      <marc:subfield code="a">Carl</marc:subfield>
   </marc:datafield>
   <marc:datafield ind1=" " ind2=" " tag="653">
      <marc:subfield code="a">Hitler</marc:subfield>
   </marc:datafield>
   <marc:datafield ind1=" " ind2=" " tag="653">
      <marc:subfield code="a">Verfassungslehre</marc:subfield>
   </marc:datafield>
   <marc:datafield ind1=" " ind2=" " tag="653">
      <marc:subfield code="a">Rechtsstaat</marc:subfield>
   </marc:datafield>
   <marc:datafield ind1=" " ind2=" " tag="653">
      <marc:subfield code="a">Deutschland</marc:subfield>
   </marc:datafield>
   <marc:datafield ind1=" " ind2=" " tag="653">
      <marc:subfield code="a">Philosoph</marc:subfield>
   </marc:datafield>
   <marc:datafield ind1=" " ind2=" " tag="653">
      <marc:subfield code="a">Sexualität</marc:subfield>
   </marc:datafield>
   <marc:datafield ind1=" " ind2=" " tag="653">
      <marc:subfield code="a">Biographie</marc:subfield>
   </marc:datafield>
   <marc:datafield ind1=" " ind2=" " tag="653">
      <marc:subfield code="a">Staatsrechtler</marc:subfield>
   </marc:datafield>
   <marc:datafield ind1=" " ind2=" " tag="653">
      <marc:subfield code="a">Jurist</marc:subfield>
   </marc:datafield>
   <marc:datafield ind1=" " ind2=" " tag="653">
      <marc:subfield code="a">20. Jahrhundert</marc:subfield>
   </marc:datafield>
   <marc:datafield ind1=" " ind2=" " tag="653">
      <marc:subfield code="a">Rechtswissenschaft</marc:subfield>
   </marc:datafield>
   <marc:datafield ind1=" " ind2=" " tag="653">
      <marc:subfield code="a">Kirche</marc:subfield>
   </marc:datafield>
   <marc:datafield ind1=" " ind2=" " tag="653">
      <marc:subfield code="a">Intellektueller</marc:subfield>
   </marc:datafield>
   <marc:datafield ind1=" " ind2=" " tag="653">
      <marc:subfield code="a">Diktatur</marc:subfield>
   </marc:datafield>
   <marc:datafield ind1=" " ind2=" " tag="653">
      <marc:subfield code="a">Staatslehre</marc:subfield>
   </marc:datafield>
   <marc:datafield ind1=" " ind2=" " tag="653">
      <marc:subfield code="a">Judentum</marc:subfield>
   </marc:datafield>
   <marc:datafield ind1=" " ind2=" " tag="653">
      <marc:subfield code="a">Nationalsozialismus</marc:subfield>
   </marc:datafield>
   <marc:datafield ind1=" " ind2=" " tag="653">
      <marc:subfield code="a">Antisemitismus</marc:subfield>
   </marc:datafield>
   <marc:datafield ind1=" " ind2=" " tag="653">
      <marc:subfield code="a">Biografie</marc:subfield>
   </marc:datafield>
   <marc:datafield ind1=" " ind2=" " tag="653">
      <marc:subfield code="a">Carl Schmitt</marc:subfield>
   </marc:datafield>
   <marc:datafield ind1=" " ind2=" " tag="653">
      <marc:subfield code="a">Softcover / Geschichte/20. Jahrhundert (bis 1945)</marc:subfield>
   </marc:datafield>
   <marc:datafield ind1=" " ind2=" " tag="653">
      <marc:subfield code="a">Antisemitismus;Biografie;Biographie;Carl Schmitt;Deutschland;Diktatur;Hitler;Intellektueller;Judentum;Jurist;Kirche;Nationalsozialismus;Philosoph;Rechtsstaat;Rechtswissenschaft;Sexualität;Staatslehre;Staatsrechtler;Verfassungslehre;20. Jahrhundert</marc:subfield>
   </marc:datafield>
   <marc:datafield ind1="0" ind2="0" tag="245">
      <marc:subfield code="a">Carl Schmitt</marc:subfield>
   </marc:datafield>
   <marc:datafield ind1="0" ind2="0" tag="245">
      <marc:subfield code="b">Aufstieg und Fall</marc:subfield>
   </marc:datafield>
   <marc:datafield ind1="0" ind2="0" tag="245">
      <marc:subfield code="c">Reinhard Mehring</marc:subfield>
   </marc:datafield>
   <marc:datafield ind1=" " ind2="1" tag="264">
      <marc:subfield code="a">München</marc:subfield>
      <marc:subfield code="b">C.H. Beck</marc:subfield>
   </marc:datafield>
   <marc:datafield ind1=" " ind2=" " tag="250">
      <marc:subfield code="a">2., überarbeitete, aktualisierte und gekürzte Auflage</marc:subfield>
   </marc:datafield>
   <marc:datafield ind1="1" ind2=" " tag="520">
      <marc:subfield code="a">Angaben aus der Verlagsmeldung

Carl Schmitt : Aufstieg und Fall / von Reinhard Mehring

Reinhard Mehring hat 2009 die grundlegende Biografie Carl Schmitts vorgelegt, der bis heute neben Martin Heidegger und Max Weber der weltweit am meisten rezipierte deutsche Denker des 20. Jahrhunderts ist. Ein meisterhaftes Buch über eine geradezu Shakespeare’sche Gestalt im Zentrum der deutschen Katastrophe. Nun liegt das Werk in einer grundlegend überarbeiteten und aktualisierten Neuausgabe vor.

Ein "weißer Rabe" – so hat Carl Schmitt sich selbst gern wahrgenommen. Der neidbeladene junge Mann aus einfachen Verhältnissen bahnt sich dank seiner brillanten Fähigkeiten den Weg bis an die Spitze der deutschen Rechtswissenschaft – und wird doch nie heimisch im Establishment der Gelehrten und Geachteten. Während er in seinen Schriften den liberalen Rechtsstaat als Verfassungsfassade demontiert und die Legitimität der Diktatur auslotet, jagen ihn Dämonen: sein wilder Antisemitismus, eine selbstzerstörerische Sucht nach Sexualität, das tiefsitzende Ressentiment gegen die Selbstgefälligkeit jeder bürgerlichen Existenz. So ist er disponiert, als die Nationalsozialisten die Macht ergreifen. Er bricht mit seinen jüdischen Freunden, hält Adolf Hitler juristisch den Steigbügel und "verstrickt" sich tief. Doch schon 1936 kommt er durch Intrigen zu Fall. Nach dem Krieg lebt er zurückgezogen in seiner sauerländischen Heimat und wird zu einer diskreten Schlüsselfigur der intellektuellen Szene. Seine radikalen Theorien über Freund und Feind, Legalität und Legitimität, den Begriff des Politischen werden in alle wichtigen Weltsprachen übersetzt und von erzkatholischen Konservativen gleichermaßen intensiv gelesen wie von den kommunistischen Revolutionären der Dritten Welt.
</marc:subfield>
   </marc:datafield>
   <marc:datafield ind1=" " ind2=" " tag="020">
      <marc:subfield code="a">9783406785634</marc:subfield>
      <marc:subfield code="9">9783406785634</marc:subfield>
   </marc:datafield>
   <marc:datafield ind1=" " ind2=" " tag="020">
      <marc:subfield code="a">3406785638</marc:subfield>
      <marc:subfield code="9">3406785638</marc:subfield>
   </marc:datafield>
   <marc:datafield ind1=" " ind2=" " tag="041">
      <marc:subfield code="a">ger</marc:subfield>
   </marc:datafield>
   <marc:datafield ind1=" " ind2=" " tag="300">
      <marc:subfield code="a">729 Seiten</marc:subfield>
   </marc:datafield>
</marc:record>
